00892nam a2200265 i 450000100060000000300080000600500170001400800410003102000150007203500190008704000320010604100080013808200210014624501190016725000120028626000520029830000270035049000470037750000220042450400300044665000470047665000380052370000180056183000470057949857BD-RjUL20211209054735.0160822s1979 cau b 001 0 eng  a0875894054 a(BD-RjUL)49977 aDLCcDLCdDLCdBD-RjULbeng aeng00a378.73bONC 197900aOn competence :ba critical analysis of competence-based reforms in higher education /cGerald Grant ... [et al.]. a1st ed. aSan Francisco :bJossey-Bass Publishers,c1979. axxii, 592 p. ;c24 cm.0 aThe Jossey-Bass series in higher education aIncludes indexes. aBibliography: p. 506-578. 0aCompetency based educationzUnited States. 0aEducation, HigherzUnited States.1 aGrant, Gerald aThe Jossey-Bass series in higher education